Annual review of information science and technology.Volume 22,1987
Guardado en:
| Formato: | Libro |
|---|---|
| Lenguaje: | inglés |
| Publicado: |
Amsterdam :
Elsevier,
1987
|
| Etiquetas: |
Sin Etiquetas, Sea el primero en etiquetar este registro!
|
MARC
| LEADER | 00000nam a22000003a 4500 | ||
|---|---|---|---|
| 001 | stu29201 | ||
| 005 | 20150408181114.1 | ||
| 008 | 950601s1987----ne------------------eng-d | ||
| 020 | |a 0-444-70302-0 | ||
| 040 | |a STU |b slo | ||
| 041 | 0 | |a eng | |
| 044 | |a ne | ||
| 080 | |a 03 |7 stu_us_auth*stu8317 | ||
| 080 | |a 5/6 |7 A000003586 | ||
| 245 | |a Annual review of information science and technology.Volume 22,1987 | ||
| 260 | |a Amsterdam : |b Elsevier, |c 1987 | ||
| 300 | |a 15,437 s | ||
| 996 | |b 284V008229 |c V*43336/O-18739 |l VVT |s A |a 24 |w stu29201_0001 | ||